| 000 | 004680000a22001930004500 | ||
|---|---|---|---|
| 001 | 000422 | ||
| 003 | MACL | ||
| 005 | 20151010113811.0 | ||
| 008 | 151010b xxu||||| |||| 00| 0 eng d | ||
| 040 |
_aMACL _cMACL |
||
| 041 | _aEnglish | ||
| 082 | _a920/SAN | ||
| 100 |
_aChander, Harish _91384 |
||
| 245 |
_aA Contempory Study _cHarish Chander |
||
| 260 |
_aNew Delhi _c2000 _bNoida News Private, |
||
| 350 | _a500 | ||
| 650 |
_aBiography _914258 |
||
| 942 |
_k920 _cBK _2ddc |
||
| 999 |
_c424 _d424 |
||